[Event "Brasov op"]
[Site "Brasov"]
[Date "2024.07.15"]
[Round "1"]
[White "Simescu, Radu Adrian"]
[Black "Sachilaru, Alexandru"]
[Result "0-1"]
[WhiteElo "1708"]
[BlackElo "2248"]
[PlyCount "68"]
[EventDate "2024.07.15"]
[EventType "swiss"]
[EventRounds "9"]
[EventCountry "ROU"]
[SourceTitle "CBM 221 Extra"]
[Source "ChessBase"]
[SourceDate "2024.09.30"]
[SourceVersion "1"]
[SourceVersionDate "2024.09.30"]
[SourceQuality "1"]

1. c4 Nf6 2. g3 g6 3. Bg2 Bg7 4. Nf3 0-0 5. 0-0 d6 6. Nc3 c6 7. d3 e5 8. a3 Re8 9. Qc2 d5 10. cxd5 cxd5 11. e3 Nc6 12. b4 a6 13. Bb2 Be6 14. Ng5 Bf5 15. e4 Nd4 16. Qd1 Bg4 17. f3 Bd7 18. exd5 Rc8 19. Nge4 Qb6 20. Nxf6+ Bxf6 21. Kh1 Bg7 22. Rc1 Bh6 23. f4 exf4 24. Na4 Bxa4 25. Rxc8 Rxc8 26. Qxa4 f3 27. Bxf3 Nxf3 28. Rxf3 Qd6 29. Qb3 Bg7 30. Bxg7 Kxg7 31. Rf4 Qe5 32. d4 Qe2 33. Qb1 Rc2 34. Qg1 g5 0-1